000 00479cam a22002054a 4500
005 20250605164319.0
008 250528s ||||||||||||||||||||||||d
035 _a22818
020 _a9780205578634
040 _aGR-AtMCL
_bgre
_dGR-AtMCL
_eAACR2
245 1 _aJOINING TOGETHER
250 _a10
260 _bPearson,
_c2009
300 _a653
700 1 _aJohnson David W
_98490
700 1 _aJohnson Frank P
_98491
942 _cBK
999 _c7863
_d7863